00565nam a2200181Ia 450000100060000000300090000600500170001500800410003202000180007304000130009108200250010410000230012924501540015226000390030630000110034554600070035670000200036330588PK-LaUMT20220902155023.0140416s9999 xx 000 0 und d a0-8213-4412-9 cPK-LaUMT aW 303.6091724bCOL-V aMichelle L. Cullen aViolent conflict and the transformation of social capitalblessons from Cambodia, Rwanda, Guatemala, and SomaliacMichelle L. Cullen<>Nat J. Colletta aWashington,USA:bWorld Bank,c2000 a139 p. aEN aNat J. Colletta